Classifica Pallone d'Oro 2003 - Statistics

Statistiche generali
  • Questo quiz è stato fatto 43 volte
  • Il punteggio medio è 20 su 26
Statistiche sulle risposte
Punti Nazione Squadra Calciatore % Corretto
123 Italia Milan Paolo Maldini
100%
190 Repubblica Ceca Juventus Pavel Nedvěd
100%
1 Brasile Paris Saint-Germain / Barcellona Ronaldinho
97%
128 Francia Arsenal Thierry Henry
97%
64 Francia Real Madrid Zinèdine Zidane
97%
102 Ucraina Milan Andrij Ševčenko
95%
32 Spagna Real Madrid Raúl González Blanco
95%
17 Inghilterra Manchester United / Real Madrid David Beckham
92%
3 Italia Roma Francesco Totti
92%
11 Brasile Real Madrid Ronaldo
92%
4 Italia Milan Alessandro Nesta
89%
19 Italia Juventus Gianluigi Buffon
89%
27 Brasile Real Madrid Roberto Carlos
89%
2 Svezia Ajax Zlatan Ibrahimović
89%
4 Italia Juventus Alessandro Del Piero
87%
1 Italia Milan Filippo Inzaghi
84%
61 Paesi Bassi Manchester United Ruud van Nistelrooy
82%
1 Romania Parma / Chelsea Adrian Mutu
74%
4 Portogallo Porto Deco
68%
6 Svezia Celtic Henrik Larsson
68%
4 Brasile Milan Nelson Dida
68%
2 Germania Bayern Monaco Michael Ballack
55%
1 Italia Inter Francesco Toldo
45%
4 Paesi Bassi Deportivo La Coruña / Bayern Monaco Roy Makaay
37%
1 Repubblica Ceca Borussia Dortmund Jan Koller
26%
3 Turchia Real Sociedad Nihat Kahveci
13%
Nessun quiz corrispondente trovato
Distribuzione punteggi
Percentuale di utenti per punteggio
Percentile per numero di risposta
I tuoi punteggi nel tempo
Non hai fatto questo quiz